Enviroment & Pollution Laws In India/ (Record no. 203184)
[ view plain ]
| 000 -LEADER | |
|---|---|
| fixed length control field | 00717nam a22002177a 4500 |
| 005 - DATE AND TIME OF LATEST TRANSACTION | |
| control field | 20240522153112.0 |
| 010 ## - LCCN (DPL NO) | |
| LC control number | ENG-140490-92 |
| 020 ## - INTERNATIONAL STANDARD BOOK NUMBER | |
| Terms of availability | 6295.00 |
| International Standard Book Number | 9789395116053(Set of 3) |
| 035 ## - SYSTEM CONTROL NUMBER | |
| System control number | EN-124022-24 |
| 037 ## - SOURCE OF ACQUISITION | |
| Source of stock number/acquisition | DBAD |
| 082 ## - DEWEY DECIMAL CLASSIFICATION NUMBER | |
| Classification number | 344.0460954 |
| Edition number | 4 |
| 100 ## - MAIN ENTRY--PERSONAL NAME | |
| Personal name | Doabia, TS |
| 245 ## - TITLE STATEMENT | |
| Title | Enviroment & Pollution Laws In India/ |
| Statement of responsibility, etc | By TS Doabia [and] Forwoad By Surya Kant |
| 250 ## - EDITION STATEMENT | |
| Edition statement | 4 |
| 260 ## - PUBLICATION, DISTRIBUTION, ETC. (IMPRINT) | |
| Place of publication, distribution, etc | Gurgaon |
| Name of publisher, distributor, etc | Lexis Nexis |
| Date of publication, distribution, etc | 2021 |
| 270 ## - ADDRESS | |
| Address | 14th Floor, Building No-10, Tower-B, DLF Cyber City, Phase-II |
| City | Gurgaon |
| Postal code | 122002 |
| 300 ## - PHYSICAL DESCRIPTION | |
| Extent | cviiic,3609p.: |
| Dimensions | 24cm(hbk) |
| Other physical details | ill. |
| 490 ## - SERIES STATEMENT | |
| Volume number/sequential designation | Vol 1,Vol 2, Vol 3 |
| 700 ## - ADDED ENTRY--PERSONAL NAME | |
| Personal name | Kant, Surya |
| 9 (RLIN) | 66768 |
| 942 ## - ADDED ENTRY ELEMENTS (KOHA) | |
| Source of classification or shelving scheme | Dewey Decimal Classification |
| Item type | English Books |
| Classification part | 344.0460954 |
| Call number suffix | DOA |
| Edition | 4 |
| Withdrawn status | Lost status | Materials specified (bound volume or other part) | Not for loan | Collection code | Home library | Current library | Date acquired | Source of acquisition | Cost, normal purchase price | Full call number | Barcode | Copy number | Cost, replacement price | Koha item type |
|---|---|---|---|---|---|---|---|---|---|---|---|---|---|---|
| vol.1 | Not For Loan | Reference | Ashok Vihar | Ashok Vihar | 22/05/2024 | DBAD | 2098.33 | 344.0460954 DOA | EN-124022 | 1 | 2098.33 | English Books | ||
| vol.2 | Not For Loan | Reference | Ashok Vihar | Ashok Vihar | 22/05/2024 | DBAD | 2098.33 | 344.0460954 DOA | EN-124023 | 1 | 2098.33 | English Books | ||
| vol.3 | Not For Loan | Reference | Ashok Vihar | Ashok Vihar | 22/05/2024 | DBAD | 2098.33 | 344.0460954 DOA | EN-124024 | 1 | 2098.33 | English Books |
